A Textbook of Applied Physiology : (Record no. 1638)

MARC details
000 -LEADER
Fixed length control field 00612nam a2200217Ia 4500
003 - CONTROL NUMBER IDENTIFIER
Control field IIN
005 - DATE AND TIME OF LATEST TRANSACTION
Control field 20240205153047.0
008 - FIXED-LENGTH DATA ELEMENTS--GENERAL INFORMATION
Fixed length control field 231217s9999 xx 000 0 und d
020 ## - INTERNATIONAL STANDARD BOOK NUMBER / ISBN
Price Rs.290.00
International Standard Book Number 9789354517501
040 ## - CATALOGING SOURCE
Original cataloging agency IIN
Language of cataloging English
082 ## - DEWEY DECIMAL CLASSIFICATION NUMBER
Classification number 612
Book Number BHI
100 1# - MAIN ENTRY--PERSONAL NAME
Personal name Bhise, S.B.
245 #2 - TITLE STATEMENT
Title A Textbook of Applied Physiology :
Sub title for B.Sc Nursing /
Statement of responsibility S.B. Bhise, A.V. Yadav & Asma Murad Mujawar
260 ## - IMPRINT
Place of publication Pune :
Name of publisher Nirali Prakashan,
Date of publication 2023
300 ## - PHYSICAL DESCRIPTION
Page / Vol. No 11.26p.
650 1# - SUBJECT ADDED ENTRY--TOPICAL TERM
Topical term Physiology
Form subdivision Nursing
653 1# - INDEX TERM--UNCONTROLLED
Uncontrolled term Anatomy
700 1# - ADDED ENTRY--PERSONAL NAME
Personal name Yadav , A.V.
700 1# - ADDED ENTRY--PERSONAL NAME
Personal name Mujawar, Asma Murad
942 ## - ADDED ENTRY ELEMENTS (KOHA)
Koha item type Books
Holdings
Withdrawn status Lost status Damaged status Not for loan Collection code Home library Current library Date acquired Price Total Checkouts Call number Accession number Date last seen Price effective from Koha item type Source of classification Shelving location
          IDEAL INSTITUTE OF NURSING IDEAL INSTITUTE OF NURSING 17/12/2023 290.00   612/BHI D12 17/12/2023 17/12/2023 Books    
        Purches Book IDEAL INSTITUTE OF NURSING IDEAL INSTITUTE OF NURSING 11/03/2025 290.00   612 BHI 1834 03/04/2025 03/04/2025 Books Dewey Decimal Classification General Stacks
© Ideal Institute Of Nursing, All rights reserved.         Powered by Koha